| 000 | 00687nam a2200205Ii 4500 | ||
|---|---|---|---|
| 003 | JO-AjNU | ||
| 008 | 230605s9999||||xx |||||||||||||| ||und|| | ||
| 040 |
_aJO-AjNU _bara _erda _cJO-AjNU |
||
| 041 | _aara | ||
| 050 | 1 | 4 | _aT58.6 2010 |
| 100 | 3 |
_aصلاح ، فادي محمد, _eauthor _930262 |
|
| 245 | 0 | 0 | _aنظم المعلومات الادارية =management in formation systems |
| 250 | _aط1 | ||
| 264 | 3 | 1 | _aعمان:دار المستقبل للنشر ، 2010 |
| 300 | _a84ص | ||
| 336 |
_atext _btxt _2rdacontent |
||
| 337 |
_aunmediated _bn _2rdamedia |
||
| 338 |
_avolume _bnc _2rdacarrier |
||
| 650 | 4 |
_aنظم المعلومات الادارية -ادارة _930263 |
|
| 999 |
_aA11976 _c15544 _d15544 |
||